000 00457nam a2200157 a 4500
001 000017531
005 20200929165137.0
008 100326s19uu dr a 000 0 spa d
040 _aDO-SdBNP
_bspa
_cBNPHU
082 _axxx
_bC311e
100 1 _aCarr, Henry P.
_938276
245 1 0 _aEncuesta de nutrición 1949 /
_cHenry P. Carr, Manuel E. Pichardo.
260 _a[Santo Domingo] :
_b[s.n.],
_c[19??].
300 _a266 p. :
_bils. ;
_c24 cm.
049 _aBNPD
999 _c17056
_d17056